Russian Diaspora by Country - Statistics

General Stats
  • This quiz has been taken 334 times
  • The average score is 12 of 15
Answer Stats
Population Answer % Correct
3,100,000 United States
99%
8,300,000 Ukraine
98%
550,520 Canada
92%
1,213,000 Germany
92%
800,000 Belarus
91%
3,619,002 Kazakhstan
91%
350,000 France
86%
570,000 Latvia
86%
310,000 Estonia
85%
640,000 Uzbekistan
81%
400,000 Kyrgyzstan
74%
300,000 Turkmenistan
73%
200,000 Brazil
71%
370,000 Moldova
65%
938,500 Israel
56%
No matching quizzes found
Score Distribution
Percent of People with Each Score
Percentile by Number Answered
Your Score History
You have not taken this quiz